Normal view
MARC view
- Proakis, John G
Entry Personal Name
001 - CONTROL NUMBER
- control field: 662
003 - CONTROL NUMBER IDENTIFIER
- control field: NUST
005 - DATE AND TIME OF LATEST TRANSACTION
- control field: 20170512170022.0
008 - FIXED-LENGTH DATA ELEMENTS
- fixed length control field: 170512|| aca||aabn | a|a d
040 ## - CATALOGING SOURCE
- Original cataloging agency: NUST
- Transcribing agency: NUST
100 ## - HEADING--PERSONAL NAME
- Personal name: Proakis, John G
670 ## - SOURCE DATA FOUND
- Source citation: Work cat.: (NUST)23324: Proakis, John G, Digital Signal Processing , c1996
